书目信息 |
| 题名: |
常用电器设备的维修
|
|
| 作者: | 洪添胜 主编 ;广东省自学考试委员会 组编 | |
| 分册: | ||
| 出版信息: | 广州 广东高等教育出版社 2001.10 |
|
| 页数: | 290页 | |
| 开本: | 26cm | |
| 丛书名: | ||
| 单 册: | ||
| 中图分类: | TM507 | |
| 科图分类: | ||
| 主题词: | 电器--维修--高等教育--教材 | |
| 电子资源: | ||
| ISBN: | 7-5361-2627-1 | |
| 000 | 00977nam0 2200241 450 | |
| 001 | 010243359171 | |
| 005 | 20051115092653.21 | |
| 010 | @a7-5361-2627-1@dCNY33.00 | |
| 100 | @a20050517d2001 km y0chiy0120 ea | |
| 101 | 0 | @achi |
| 102 | @aCN@b440000 | |
| 105 | @aa z 000yy | |
| 200 | 1 | @a常用电器设备的维修@Achang yong dian qi she bei de wei xiu@f洪添胜主编@Fhong tian sheng zhu bian@g广东省自学考试委员会组编@Gguang dong sheng zi xue kao shi wei yuan hui zu bian |
| 210 | @a广州@c广东高等教育出版社@d2001.10 | |
| 215 | @a290页@c图@d26cm | |
| 330 | @a本书系统地介绍了常用电器设备,包括常用电源、常用电工工具和量具、常用电工材料和常用电工仪表的使用与维修的基础知识。 | |
| 333 | @a广东省高等教育自学考试指定教材 | |
| 606 | 0 | @a电器@x维修@x高等教育@x教材 |
| 690 | @aTM507@v4 | |
| 701 | 0 | @a洪添胜@Ahong tian sheng@4主编 |
| 712 | 02 | @a广东省自学考试委员会@Aguang dong sheng zi xue kao shi wei yuan hui@4组编 |
| 801 | 0 | @aCN@bQSSK@c20051115 |
| 905 | @a10447@dTM507@eH410 | |
| 常用电器设备的维修/洪添胜主编/广东省自学考试委员会组编.-广州:广东高等教育出版社,2001.10 |
| 290页:图;26cm |
| 使用对象:广东省高等教育自学考试指定教材 |
| ISBN 7-5361-2627-1:CNY33.00 |
| 本书系统地介绍了常用电器设备,包括常用电源、常用电工工具和量具、常用电工材料和常用电工仪表的使用与维修的基础知识。 |
| ● |
| 相关链接 |
|
|
|
正题名:常用电器设备的维修
索取号:TM507/H410
 
预约/预借
| 序号 | 登录号 | 条形码 | 馆藏地/架位号 | 状态 | 备注 |
| 1 | 576083 | 205760835 | 自科二线404/404自科库 19排4列2层/ [索取号:TM507/H410] | 在馆 | |
| 2 | 576084 | 205760844 | 自科库301/301自科库 12排4列1层/ [索取号:TM507/H410] | 在馆 | |
| 3 | 576085 | 205760853 | 自科库301/301自科库 12排4列1层/ [索取号:TM507/H410] | 在馆 |